معجم المصطلحات الإعلامية / (رقم التسجيلة. 25471)

تفاصيل مارك
000 -الفاتح
عناصر البيانات ثابتة الطول 00620nam a22002057a 4500
005 - تاريخ ووقت آخر معاملة
حقل ضبط 20251108165334.0
008 - عناصر البيانات ثابتة الطول
عناصر البيانات ثابتة الطول 250721s1989 ua gr 000 0 ara d
020 ## - الترقيم الدولي المعياري للكتب (ردمك)
الترقيم الدولي المعياري للكتب (ردمك) 9771481967
041 ## - كود اللغة
كود اللغة لنص/مسار صوت أو عنوان منفصل ara
-- eng
082 14 - رقم تصنيف ديوي العشري
رقم التصنيف 001.503
رقم المادة ك ر م
100 1# - مدخل رئيسي – اسم شخصي
الاسم الشخصي شلبي، كرم
علاقة الشخص بالعمل/ دوره مؤلف.
245 10 - بيان العنوان
العنوان معجم المصطلحات الإعلامية /
بيان المسؤولية د. كرم شبلي .
250 ## - بيان الطبعة
بيان الطبعة الطبعة الاولى
264 31 - بيانات النشر، التوزيع…إلخ
مكان النشر، التوزيع...إلخ القاهرة :
اسم الناشر، الموزع...إلخ دار الشروق،
تاريخ النشر، التوزيع...إلخ 1989
300 ## - الوصف المادي
عدد الوحدات المكونة للوعاء 670 صفحة .
650 17 - مدخل إضافي بالموضوع - مصطلح موضوعي
مصطلح موضوعي أو اسم جغرافي كعنصر مدخل معاجم المصطلحات
650 17 - مدخل إضافي بالموضوع - مصطلح موضوعي
مصطلح موضوعي أو اسم جغرافي كعنصر مدخل الإعلام
942 ## - بيانات إضافية (كوها)
نوع التنصيف Dewey Decimal Classification
نوع المادة (كوها) مراجع
المقتنيات
حالة السحب حالة الفقدان مصدر التصنيف حالة التلف غير قابل للإعارة المكتبة الرئيسية المكتبة الحالية موقع الرف تاريخ التزويد الرقم المتسلسل Total Checkouts رقم الإستدعاء الباركود تاريخ آخر ظهور تاريخ الفاتورة نوع المادة (كوها)
    Dewey Decimal Classification   Not For Loan المكتبة المركزية المكتبة المركزية مراجع 06/07/2004 50717   م/001.503/كرم 50717 28/07/2025 06/07/2004 مراجع
Implemented & Customized by: BBB with SCIT (Smart Chains for Information Technology)

Powered by Koha